<?xml version="1.0" encoding="UTF-8"?>
<record
    xmlns:xsi="http://www.w3.org/2001/XMLSchema-instance"
    xsi:schemaLocation="http://www.loc.gov/MARC21/slim http://www.loc.gov/standards/marcxml/schema/MARC21slim.xsd"
    xmlns="http://www.loc.gov/MARC21/slim">

  <leader>00963nam a22002417a 4500</leader>
  <controlfield tag="005">20170703155333.0</controlfield>
  <controlfield tag="008">170703b        xxu||||| |||| 00| 0 eng d</controlfield>
  <datafield tag="020" ind1=" " ind2=" ">
    <subfield code="a">978-2-7598-0082-7</subfield>
  </datafield>
  <datafield tag="040" ind1=" " ind2=" ">
    <subfield code="a">BUAC</subfield>
    <subfield code="c">BUC</subfield>
  </datafield>
  <datafield tag="100" ind1=" " ind2=" ">
    <subfield code="a">Brisset,  Fran&#xE7;ois</subfield>
  </datafield>
  <datafield tag="245" ind1=" " ind2=" ">
    <subfield code="a">Microscopie &#xE9;lectronique &#xE0; balayage et microanalyses </subfield>
    <subfield code="c">/ par Fran&#xE7;ois Brisset ; collab. Monique Repoux, Jacky Ruste, Fran&#xE7;ois Grillon et Florence Robaut ;  GROUPEMENT NATIONAL DE MICROSCOPIE ELECTRONIQUE A BALAYAGE ET DE MICROANALYSES</subfield>
  </datafield>
  <datafield tag="260" ind1=" " ind2=" ">
    <subfield code="a">Paris : </subfield>
    <subfield code="b">EDP Sciences, </subfield>
    <subfield code="c">2008</subfield>
  </datafield>
  <datafield tag="300" ind1=" " ind2=" ">
    <subfield code="a">XXXVI-892</subfield>
    <subfield code="b">couv. ill. en coul. ;</subfield>
    <subfield code="c">25 cm</subfield>
  </datafield>
  <datafield tag="500" ind1=" " ind2=" ">
    <subfield code="a">Index pp. 881-892 </subfield>
  </datafield>
  <datafield tag="650" ind1=" " ind2=" ">
    <subfield code="a">Microscope &#xE9;lectronique </subfield>
  </datafield>
  <datafield tag="650" ind1=" " ind2=" ">
    <subfield code="a">Optique : &#xE9;lectronique</subfield>
    <subfield code="9">25910</subfield>
  </datafield>
  <datafield tag="700" ind1=" " ind2=" ">
    <subfield code="a">Repoux, Monique </subfield>
  </datafield>
  <datafield tag="700" ind1=" " ind2=" ">
    <subfield code="a">Ruste, Jacky</subfield>
  </datafield>
  <datafield tag="700" ind1=" " ind2=" ">
    <subfield code="a">Grillon, Fran&#xE7;ois</subfield>
  </datafield>
  <datafield tag="700" ind1=" " ind2=" ">
    <subfield code="a">Robaut, Florence</subfield>
  </datafield>
  <datafield tag="710" ind1=" " ind2=" ">
    <subfield code="a">GROUPEMENT NATIONAL DE MICROSCOPIE ELECTRONIQUE A BALAYAGE ET DE MICROANALYSES</subfield>
  </datafield>
  <datafield tag="942" ind1=" " ind2=" ">
    <subfield code="c">LBA</subfield>
  </datafield>
  <datafield tag="999" ind1=" " ind2=" ">
    <subfield code="c">56427</subfield>
    <subfield code="d">56427</subfield>
  </datafield>
  <datafield tag="952" ind1=" " ind2=" ">
    <subfield code="0">0</subfield>
    <subfield code="1">0</subfield>
    <subfield code="4">0</subfield>
    <subfield code="7">0</subfield>
    <subfield code="a">BUAC</subfield>
    <subfield code="b">BUAC</subfield>
    <subfield code="c">R&#xE9;serve</subfield>
    <subfield code="d">2017-07-03</subfield>
    <subfield code="e">Achat</subfield>
    <subfield code="f">14/095</subfield>
    <subfield code="l">0</subfield>
    <subfield code="o">621.385.833 MIC</subfield>
    <subfield code="p">14-095Buc</subfield>
    <subfield code="r">2017-07-03 00:00:00</subfield>
    <subfield code="w">2017-07-03</subfield>
    <subfield code="y">LBA</subfield>
  </datafield>
</record>
